LEADER 01555nam a2200277 u 4500 001 000000009538 003 CaOOAMICUS 005 20070226105221.0 008 940516s1992 it f u000 u mul u 020 $a88-210-0634-4 035 $a10239654 040 $aPUL(R)$bita 111 2 $aInternational Congress of Medieval Canon Law$n(8th :$d1988 :$cSan Diego).$0(OLS)http://pul/name/9419 245 10$aProceedings of the Eighth International Congress of Medieval Canon Law :$bSan Diego, University of California at La Jolla, 21-26 August 1988 /$cedited by Stanley Chodorow. 260 $aCittà del Vaticano :$bBiblioteca Apostolica Vaticana,$c1992. 300 $axxiii, 730 p. :$btav. (facs.) ;$c26 cm 490 1 $aMonumenta iuris canonici.$aSeries C, Subsidia ;$v9 650 4$aDiritto canonico medievale$xCongressi.$0(OLS)http://pul/subject/7869 700 1 $aChodorow, Stanley.$0(OLS)http://pul/name/9420 830 0$aMonumenta iuris canonici.$nSeries C,$pSubsidia ;$v9.$0(OLS)http://pul/title/13985 850 $aPUL 852 $aPUL$W1$xSL Diritto Canonico 3$y77$m262. 99 CAN.7 5.9$j13508$nBK-PRI$b $qDDC 21$B13508$CPULBib$Z2$F13508 $H70695 $82 941 1 $a9 996 $6020$a88-210-0634-4$9(OLS)http://pul/number/12241 996 $6245$aProceedings of the Eighth International Congress of Medieval Canon Law :$bSan Diego, University of California at La Jolla, 21-26 August 1988$9(OLS)http://pul/title/13984 996 $6260$aCittà del Vaticano :$bBiblioteca Apostolica Vaticana$9(OLS)http://pul/publisher/48729 LEADER 01331nam a2200301 u 4500 001 000000007097 003 CaOOAMICUS 005 20070226104939.0 008 941010s1982 it u000 u ita u 035 $a10185376 040 $aPUL(R)$bita 100 1 $aMura, Gaspare,$d1937-$0(OLS)http://pul/name/5566 245 10$aAngoscia ed esistenza :$bda Kierkegaard a Moltmann : Giobbe e la "sofferenza di Dio" /$cGaspare Mura. 260 $aRoma :$bCittà Nuova,$cc1982. 300 $a224 p. ;$c19 cm 490 1 $aIdee.$aFilosofia ;$v57 504 $aContiene indicazioni bibliografiche. 650 4$aEsistenzialismo.$0(OLS)http://pul/subject/1923 650 4$aFilosofia.$0(OLS)http://pul/subject/362 830 0$aIdee.$pFilosofia ;$v57.$0(OLS)http://pul/title/10408 850 $aPUL 852 $aPUL$W1$xSL Filosofia 2$y80$mPhil A15 57$j10003$nBK-PRI$b $qStampati altre collocazioni$B10003$CPULBib$Z2$F10003 $H $81 852 $aPUL$W1$xDP1 Fondo Seidl$y56$m4 C 61$j176888$b2. copia$qFondi$B197872$CPULBib$Z2$F197872 $81 941 1 $a1 941 1 $a10 961 $aINV: 57057 996 $6245$aAngoscia ed esistenza :$bda Kierkegaard a Moltmann : Giobbe e la "sofferenza di Dio"$9(OLS)http://pul/title/10407 996 $6260$aRoma :$bCittà Nuova$9(OLS)http://pul/publisher/47927